| 000 | 01140nam a2200265 i 4500 | ||
|---|---|---|---|
| 001 | 157543 | ||
| 003 | ES-MaACL | ||
| 005 | 20250626063205.0 | ||
| 008 | 940301s1889 sp |||| | spa d | ||
| 040 |
_aAS _bspa |
||
| 100 | 1 |
_aLeonardo de Argensola, Lupercio, _d1559-1613 _9128881 |
|
| 245 | 1 | 0 |
_aObras sueltas de Lupercio y Bartolomé Leonardo de Argensola / _ccoleccionadas e ilustradas por el conde de la Viñaza. |
| 260 |
_aMadrid : _b[s.n.], _c1889 ( _fImprenta y fundición de M. Tello) |
||
| 300 |
_a2 v. (XXVII, 402 ; 409 p.) ; _c17 cm. |
||
| 490 | 1 |
_aColección de escritores castellanos. Líricos ; _v69, 75 |
|
| 505 | 8 | _aT. I. Obras de Lupercio Leonardo -- T. II. Obras de Bartolomé Leonardo | |
| 510 |
_aPalau, _c16105 |
||
| 596 | _aMarca tip. en port. | ||
| 597 | _aPort. a dos tintas con orla tip. | ||
| 700 | 1 |
_aLeonardo de Argensola, Bartolomé, _d1562-1631 _971674 |
|
| 700 | 1 |
_aViñaza, Cipriano Muñoz y Manzano _c, Conde de la. _9133815 |
|
| 830 | 0 |
_aColección de escritores castellanos. Líricos ; _v69, 75 _9187678 |
|
| 852 |
_aES-MaACL _jF-12415-16 _z-- Enc. hol. |
||
| 999 |
_c157543 _d157543 |
||